<?xml version="1.0" encoding="UTF-8"?>
<collection xmlns="http://www.loc.gov/MARC21/slim">
 <record>
  <leader>     na                 </leader>
  <controlfield tag="001">INLIS000000000009481</controlfield>
  <controlfield tag="005">20221109012240</controlfield>
  <datafield tag="035" ind1=" " ind2=" ">
   <subfield code="a">0010-0520009481</subfield>
  </datafield>
  <controlfield tag="008">221109                |          | ind  </controlfield>
  <datafield tag="020" ind1=" " ind2=" ">
   <subfield code="a">979-503-410-3</subfield>
  </datafield>
  <datafield tag="041" ind1=" " ind2=" ">
   <subfield code="a">ind</subfield>
  </datafield>
  <datafield tag="082" ind1=" " ind2=" ">
   <subfield code="a">352.092</subfield>
  </datafield>
  <datafield tag="084" ind1=" " ind2=" ">
   <subfield code="a">352.092 SOE h</subfield>
  </datafield>
  <datafield tag="100" ind1="0" ind2=" ">
   <subfield code="a">Soehino</subfield>
  </datafield>
  <datafield tag="245" ind1="1" ind2=" ">
   <subfield code="a">Hukum Tata Negara Perkembangan Otonomi Daerah /</subfield>
   <subfield code="c">Soehino</subfield>
  </datafield>
  <datafield tag="250" ind1=" " ind2=" ">
   <subfield code="a">Ed. 2</subfield>
  </datafield>
  <datafield tag="260" ind1=" " ind2=" ">
   <subfield code="a">Yogyakarta :</subfield>
   <subfield code="b">Akbar Media Eka Sarana,</subfield>
   <subfield code="c">2004</subfield>
  </datafield>
  <datafield tag="300" ind1=" " ind2=" ">
   <subfield code="a">x, 200 p. ;</subfield>
   <subfield code="c">23 cm.</subfield>
  </datafield>
  <datafield tag="504" ind1=" " ind2=" ">
   <subfield code="a">Hlm. 199-200</subfield>
  </datafield>
  <datafield tag="520" ind1=" " ind2=" ">
   <subfield code="a">Buku ini menguraikan perkembangan otonomi daerah di Indonesia dari mulai sebelum kemerdekaan sampai era reformasi. Pada tahun 1998, penyelenggaraan otonomi daerah, pengaturan, pembagian dan pemanfaatan sumber daya nasional serta perimbangan keuangan antara Pusat dan Daerah, menurut pandangan Majelis Permusyawaratan Rakyat RI belum dilaksanakan secara proporsional sesuai dengan prinsip-prinsip demokrasi, keadilan dan pemerataan. Sehubungan dengan itu dikeluarkanlah Ketetapan Majelis Permusyawaratan Rakyat Republik Indonesia Nomor XV/MPR/1998 tentang penyelenggaraan otonomi daerah, pengaturan, pembagian, dan pemanfaatan sumber daya nasional yang berkeadilan; serta perimbangan keuangan antara pusat dan daerah dalam kerangka negara kesatuan Republik Indonesia. Dengan demikian perkembangan pengaturan tentang pelaksanaan pemberian otonomi kepada daerah dan wujud penyelenggaraan otonomi daerah dengan memberikan kewenangan yang luas, nyata dan bertanggungjawab di daerah secara proporsional akan dijelaskan lebih lanjut dalam undang-undang.</subfield>
  </datafield>
  <datafield tag="650" ind1=" " ind2="4">
   <subfield code="a">Local government-Indonesia</subfield>
  </datafield>
  <datafield tag="650" ind1=" " ind2="4">
   <subfield code="a">Decentralization in government-Indonesia</subfield>
  </datafield>
  <datafield tag="650" ind1=" " ind2="4">
   <subfield code="a">Constitutional law-Indonesia</subfield>
  </datafield>
  <datafield tag="990" ind1=" " ind2=" ">
   <subfield code="a">23319/MKRI-P/XI-2014</subfield>
  </datafield>
  <datafield tag="990" ind1=" " ind2=" ">
   <subfield code="a">23318/MKRI-P/XI-2014</subfield>
  </datafield>
  <datafield tag="990" ind1=" " ind2=" ">
   <subfield code="a">23321/MKRI-P/XI-2014</subfield>
  </datafield>
  <datafield tag="990" ind1=" " ind2=" ">
   <subfield code="a">23320/MKRI-P/XI-2014</subfield>
  </datafield>
  <datafield tag="990" ind1=" " ind2=" ">
   <subfield code="a">23319/MKRI-P/XI-2014</subfield>
  </datafield>
  <datafield tag="990" ind1=" " ind2=" ">
   <subfield code="a">23318/MKRI-P/XI-2014</subfield>
  </datafield>
  <datafield tag="990" ind1=" " ind2=" ">
   <subfield code="a">23321/MKRI-P/XI-2014</subfield>
  </datafield>
  <datafield tag="990" ind1=" " ind2=" ">
   <subfield code="a">23320/MKRI-P/XI-2014</subfield>
  </datafield>
  <datafield tag="990" ind1=" " ind2=" ">
   <subfield code="a">23321/MKRI-P/XI-2014</subfield>
  </datafield>
  <datafield tag="990" ind1=" " ind2=" ">
   <subfield code="a">23319/MKRI-P/XI-2014</subfield>
  </datafield>
  <datafield tag="990" ind1=" " ind2=" ">
   <subfield code="a">23318/MKRI-P/XI-2014</subfield>
  </datafield>
  <datafield tag="990" ind1=" " ind2=" ">
   <subfield code="a">23320/MKRI-P/XI-2014</subfield>
  </datafield>
 </record>
</collection>
